000 00582nam a22001817a 4500
005 20140325171259.0
008 140325b2001 ck ||||| |||| 00| 0 spa d
041 _aspa
044 _ack
090 _aLB
_b05891
110 _aInstituto de Hidrología, Meteorología y Estudios Ambientales
_923124
245 _aEstudio ambiental de la cuenca Magdalena
_bResumen Ejecutivo
260 _aBogotá
_bIDEAM
_bCormagdalena
_c2001
300 _a235 p.,
_bil., mapas,
_c13 cm
500 _aAcuerdo IDEAM-Cormagdalena convenio 003 de 1999
505 _aIncluye contenido
942 _2z
_cCD-ROM
999 _c8315
_d8315